Statistics for NASCAR Southern 500 Winners

Click here to take the quiz!

General Stats

  • This quiz has been taken 531 times
    (81 since last reset)
  • The average score is 52 of 74

Answer Stats

YearWinner% Correct
1987Dale Earnhardt
98%
1989Dale Earnhardt
98%
1990Dale Earnhardt
98%
1967Richard Petty
96%
1998Jeff Gordon
94%
1995Jeff Gordon
94%
1996Jeff Gordon
94%
1997Jeff Gordon
94%
2002Jeff Gordon
94%
2007Jeff Gordon
94%
2004Jimmie Johnson
94%
2012Jimmie Johnson
94%
2010Denny Hamlin
90%
2017Denny Hamlin
90%
2021Denny Hamlin
90%
1973Cale Yarborough
88%
1982Cale Yarborough
88%
1978Cale Yarborough
88%
1968Cale Yarborough
88%
1974Cale Yarborough
88%
2023Kyle Larson
88%
1985Bill Elliott
84%
1994Bill Elliott
84%
1988Bill Elliott
84%
2020Kevin Harvick
84%
2014Kevin Harvick
84%
2008Kyle Busch
84%
1969LeeRoy Yarbrough
84%
1977David Pearson
82%
1976David Pearson
82%
1979David Pearson
82%
1972Bobby Allison
80%
1975Bobby Allison
80%
1983Bobby Allison
80%
1971Bobby Allison
80%
2018Brad Keselowski
80%
1992Darrell Waltrip
80%
2000Bobby Labonte
76%
1965Ned Jarrett
75%
2003Terry Labonte
75%
1980Terry Labonte
75%
2015Carl Edwards
73%
2019Erik Jones
73%
2022Erik Jones
73%
2016Martin Truex Jr
73%
2013Matt Kenseth
73%
1993Mark Martin
71%
2009Mark Martin
71%
1999Jeff Burton
63%
2001Ward Burton
63%
2011Regan Smith
61%
1953Buck Baker
59%
1960Buck Baker
59%
1964Buck Baker
59%
1970Buddy Baker
59%
2005Greg Biffle
59%
2006Greg Biffle
59%
1986Tim Richmond
49%
1952Fonty Flock
45%
1955Herb Thomas
45%
1954Herb Thomas
45%
1951Herb Thomas
45%
1958Fireball Roberts
41%
1963Fireball Roberts
41%
1984Harry Gant
41%
1991Harry Gant
41%
1981Neil Bonnett
39%
1956Curtis Turner
27%
1950Johnny Mantz
25%
1957Speedy Thompson
24%
1966Darel Dieringer
14%
1959Jim Reed
14%
1962Larry Frank
14%
1961Nelson Stacy
14%

Score Distribution

Percentile by Number Answered

Percent of People with Each Score

Your Score History

You have not taken this quiz since the last reset